| 000 | 00596nam a22002052 4500 | ||
|---|---|---|---|
| 001 | 0000018977 | ||
| 005 | 20151217152142.0 | ||
| 008 | 100824s xx 000 0 eng d | ||
| 040 |
_aKABU _cKABU |
||
| 100 | 1 |
_aChhabra, T. N. _@0000178490 |
|
| 245 | 1 | 0 |
_aTeam building and leadership / _cT. N. Chhabra. |
| 250 | _a2nd ed. | ||
| 260 |
_aNew Delhi : _bSun India, _c2008. |
||
| 300 | _aviii, 326 p. | ||
| 650 | 0 |
_aWork groups _xManagement. _@0000150993 |
|
| 650 | 0 |
_aLeadership. _@0000150687 |
|
| 852 | 1 | _9p1020 KES | |
| 908 | _a100824 | ||
| 950 | _@1 | ||
| 999 |
_c8739 _d8739 |
||